| 000 | 00375nam a22001577a 4500 | ||
|---|---|---|---|
| 003 | SGT | ||
| 005 | 20260702153450.0 | ||
| 020 | _a978-93-86546-005 | ||
| 082 |
_a635.9 _bSIN |
||
| 100 | _aSINGH, ANIL K. | ||
| 245 | _aTEXTBOOK OF FLORICULTURE & LANDSCAPING | ||
| 260 |
_aINDIA _bNIPA PUB. _c2017 |
||
| 300 | _a432 | ||
| 650 | _aFLORICULTURE & LANDSCAPING | ||
| 942 |
_2ddc _cBK |
||
| 999 |
_c35003 _d35003 |
||